000 00520nam a2200133Ia 4500
008 181023s9999 xx 000 0 und d
020 _a9781138669260
100 _aKim, Chae-Young.
245 _cChae-Young Kim, Kieron Sheehy, Lucinda Kerawalla.--
_aDeveloping children as researchers :
_ba practical guide to help children conduct social research /
260 _aNew York :
_bRoutledge
_c2017
300 _axxiii, 140 pages.
650 _aSocial research.
650 _aSocial sciences -- study and teaching (Elementary).
999 _c359350
_d359350